The Pakistan Army (Record no. 179177)

000 -LEADER
fixed length control field 00693 a2200169 4500
003 - CONTROL NUMBER IDENTIFIER
control field Nust
005 - DATE AND TIME OF LATEST TRANSACTION
control field 20170207153113.0
040 ## - CATALOGING SOURCE
Transcribing agency Nust
082 ## - DEWEY DECIMAL CLASSIFICATION NUMBER
Classification number 358.3096491
100 ## - MAIN ENTRY--PERSONAL NAME
Personal name Riza , Shaukat
245 ## - TITLE STATEMENT
Title The Pakistan Army
Remainder of title 1966-71
Statement of responsibility, etc. Maj .Gen (R) Shaukat Riza
260 ## - PUBLICATION, DISTRIBUTION, ETC.
Place of publication, distribution, etc. Lahore
Name of publisher, distributor, etc. Army Education Press
300 ## - PHYSICAL DESCRIPTION
Extent 232,p.;
505 ## - FORMATTED CONTENTS NOTE
Formatted contents note The Road to Secession (Page-1) The Pakistan Army-December 1970(Page-59) Military Action (Page-73) Search and Destroy (Page-101) Prelude to War (Page-119) The War in East Pakistan (Page-133) The War in West Pakistan (page-165) In the Winter of Our Discontent (page-211) Epilogue (Page-213)
538 ## - SYSTEM DETAILS NOTE
System details note Almirah No.54 Shelf No.5
650 ## - SUBJECT ADDED ENTRY--TOPICAL TERM
Topical term or geographic name entry element Pakistan Army
942 ## - ADDED ENTRY ELEMENTS (KOHA)
Source of classification or shelving scheme
Koha item type Book
Holdings
Withdrawn status Lost status Source of classification or shelving scheme Damaged status Not for loan Collection code Permanent Location Current Location Date acquired Total Checkouts Full call number Barcode Date last seen Price effective from Koha item type Shelving location
            Military College of Signals (MCS) Military College of Signals (MCS) 12/12/2016   358.3095491 RIZ MCS21340 12/08/2016 12/12/2016 Book  
            Military College of Signals (MCS) Military College of Signals (MCS) 12/12/2016   358.3095491 RIZ MCS36478 12/08/2016 12/12/2016 Book  
            Military College of Signals (MCS) Military College of Signals (MCS) 11/19/2024   358.3096491 MCS38505 11/19/2024 11/19/2024 Book General Stacks
© 2023 Central Library, National University of Sciences and Technology. All Rights Reserved.